000 00759nam a22002657i 4500
003 DO-SdBNP
005 20250704134700.0
007 ta
008 250704b2025 |||||||| |||| 00| 0 spa d
020 _a9789945656015
040 _aDO-SdBNP
_bspa
_cBNPHU
_erda
041 _hsp
082 _axxx
_bC352d
_222
100 1 _aCastillo, Xiomara
_eautor
_987400
245 0 _aDoña Rosa :
_buna emigrante que cumplio sus sueños /
_cXiomara Castillo
250 _aPrimera edición
264 _aSanto Domingo :
_bSantuario,
_c2025.
300 _a39 páginas ;
_c24 cm
336 _ardacontent
_btexto
_2txt
337 _ardamedia
_bsin mediaición
_2n
338 _ardacarrier
_bvolumen
_2nc
590 _aInventariado, 2025/DG
910 _aDG
942 _2ddc
_cLBS1
999 _c58689
_d58689